UM Logo

Basic physical education for college: (Record no. 1965)

MARC details
000 -LEADER
fixed length control field 00586nam a2200169 4500
008 - FIXED-LENGTH DATA ELEMENTS--GENERAL INFORMATION
fixed length control field 160425b xxu||||| |||| 00| 0 eng d
020 ## - INTERNATIONAL STANDARD BOOK NUMBER
International Standard Book Number 9710868225
082 ## - DEWEY DECIMAL CLASSIFICATION NUMBER
Edition number 2008
Classification number DFil 613.7
Item number T82
100 ## - MAIN ENTRY--PERSONAL NAME
9 (RLIN) 6307
Personal name Tulio, Doris D.
245 ## - TITLE STATEMENT
Title Basic physical education for college:
Remainder of title worktext P.E. 1/
Statement of responsibility, etc. Doris D. Tulio.
260 ## - PUBLICATION, DISTRIBUTION, ETC. (IMPRINT)
Place of publication, distribution, etc. Mandaluyong City:
Name of publisher, distributor, etc. National Book Store,
Date of publication, distribution, etc. c2008.
300 ## - PHYSICAL DESCRIPTION
Extent ix, 149 pages:
Other physical details illustrations;
Dimensions 26 cm.
500 ## - GENERAL NOTE
General note Includes bibliographical references.
650 #0 - SUBJECT ADDED ENTRY--TOPICAL TERM
9 (RLIN) 6309
Topical term or geographic name as entry element Physical education
650 #0 - SUBJECT ADDED ENTRY--TOPICAL TERM
9 (RLIN) 6310
Topical term or geographic name as entry element Physical fitness
942 ## - ADDED ENTRY ELEMENTS (KOHA)
Source of classification or shelving scheme Dewey Decimal Classification
Koha item type Filipiniana
Holdings
Withdrawn status Lost status Source of classification or shelving scheme Damaged status Not for loan Collection code Home library Current library Date acquired Source of acquisition Total Checkouts Full call number Barcode Date last seen Copy number Price effective from Koha item type Shelving location Date last checked out
    Dewey Decimal Classification     Filipiniana UM Digos College - LIC UM Digos College - LIC 12/03/2009 Purchased   DFil 613.7 T82 2008 19802 05/15/2025 1 04/25/2016 Filipiniana    
    Dewey Decimal Classification     Filipiniana UM Digos College - LIC UM Digos College - LIC 12/03/2009 Purchased   DFil 613.7 T82 2008 20420 05/15/2025 2 04/25/2016 Filipiniana    
    Dewey Decimal Classification     Filipiniana UM Digos College - LIC UM Digos College - LIC 12/03/2009 Purchased 1 DFil 613.7 T82 2008 20676 11/26/2018 3 04/25/2016 Filipiniana Book Cart 11/19/2018